| 000 | 00767nam a2200217 4500 | ||
|---|---|---|---|
| 001 | 127800 | ||
| 003 | ES-MaACL | ||
| 005 | 20231220210525.0 | ||
| 007 | t| | ||
| 008 | 070214q1955 sp r ||||1| spa d | ||
| 100 | 1 |
_aRivas, Ángel de Saavedra, _cDuque de, _d1791-1865 _997550 |
|
| 245 | 1 | 0 |
_aDon Alvaro _b: o La fuerza del sino : drama original en cinco jornadas, en prosa y verso / _cAngel de Saavedra, Duque de Rivas ; prólogo de Benito Varela Jácome. |
| 260 |
_aSantiago de Compostela : _bPorto, _c[1955?] |
||
| 300 |
_a172 p. ; _c17 cm. |
||
| 490 | 1 | _a7 estrellas | |
| 700 | 1 |
_aVarela Jácome, Benito. _9113161 |
|
| 740 | 0 | _aLa fuerza del sino. | |
| 830 | 0 |
_a7 estrellas _9219219 |
|
| 852 |
_aES-MaACL _jC-12482 _bR.404011 |
||
| 999 |
_c127800 _d127800 |
||